00747cam a22002411 4500001001300000003000400013005001700017008004100034010001700075025001900092035002000111040001800131042001200149050001800161100001800179245011300197260002500310300002400335500004700359651004300406700003900449999001700488sa 65004510 DLC20260227112131.0861202s1962 ii 000 0 eng  asa 65004510  aPL480:I-E-1736 a(OCoLC)14913047 aDLCcWaUdDLC apremarc00aHN683.5b.M341 aMandal, G. C.10aKashipur, West Bengal, 1956-60;ba report on re-survey of a villagec[by] G.C. Mandal and Sunil C. Sengupta. aSantiniketan,c1962. avii, 104 p.c25 cm. aAt head of title: Studies in rural change. 0aIndiaxRural conditionsvCase studies.1 aSengupta, Sunil C.,ejoint author. c63797d63797